000
00224 a2200097 4500
001
34554
100
_a
Feiler, Jesse
245
_a
Application Servers
260
_a
California
_b
Morgan Kaufmann
_c
2000
090
_c
22837
_d
22837
942
_a
NUST-CAE
_c
M
_c
14266
999
_c
269627
_d
269627